000 00687nam a22002177a 4500
999 _c5881
_d5881
003 AR-CdUCM
008 190313b ||||| |||| 00| 0 spa d
040 _aMUNICIPALIDAD PROVINCIAL DEL CUSCO
_cBIBLIOTECA MUNICIPAL DEL CUSCO
082 _a869.56 /
_bC78
100 _aCorcuera, Arturo
_94604
245 _aRecuerdo y Presencia de Javier Heraud /
260 _aLima :
_bIndustrialGráfica ;
_c1963.
300 _a20 páginas ;
_c28cm
500 _aDonación de la familia Nieto
505 _aContenido: Poesía
650 _aPoesía peruana
_911982
650 _aLiteratura peruana
_97175
700 _aEscajadillo, Tomas Gustavo
_912727
942 _2ddc
_cLIBROS
945 _anom